Tour de France 2025 - Alle Etappensieger - Statistiken

Allgemein
  • Dieses Quiz wurde 91 mal gespielt
  • Das Durchschnittsergebnis liegt bei 16 aus 21
Antwortstatistiken
Etappe Sieger Team % Korrekt
4 Tadej Pogacar UAE Team Emirates XRG
99%
7 Tadej Pogacar UAE Team Emirates XRG
99%
12 Tadej Pogacar UAE Team Emirates XRG
99%
13 (EZF) Tadej Pogacar UAE Team Emirates XRG
99%
21 Wout van Aert Team Visma | Lease a bike
91%
6 Ben Healy EF Education-Easypost
85%
2 Mathieu Van der Poel Alpecin-Deceuninck
85%
5 (EZF) Remco Evenepoel Soudal Quick-Step
84%
8 Jonathan Milan Lidl-Trek
83%
17 Jonathan Milan Lidl-Trek
83%
1 Jasper Philipsen Alpecin-Deceuninck
81%
10 Simon Yates Team Visma | Lease a bike
74%
14 Thymen Arensman INEOS Grenadiers
70%
19 Thymen Arensman INEOS Grenadiers
70%
3 Tim Merlier Soudal Quick-Step
68%
9 Tim Merlier Soudal Quick-Step
68%
15 Tim Wellens UAE Team Emirates XRG
63%
18 Ben O'Connor Jayco AlUla
60%
20 Kaden Groves Alpecin-Deceuninck
60%
11 Jonas Abrahamsen Uno-X Mobility
59%
16 Valentin Paret-Peintre Soudal Quick-Step
44%
Keine übereinstimmenden Quizze gefunden
Verteilung der Resultate
Anzahl Personen mit jedem Resultat
Perzentil nach korrekt beantworteten Fragen
Ihre Resultats-Entwicklung
Sie haben dieses Quiz noch nicht gespielt